000
00219nam a2200097Ia 4500
008
240331s9999 xx 000 0 und d
082
_b
CLA
100
_a
Clark, P
245
4
_a
The emperor Jones, The Nairy Ape
942
_c
L
999
_c
3142
_d
3142